El derecho y la justicia /
Obra en treinta y cinco volúmenes (está incompleta en la biblioteca) que recupera la historia de la filosofía y aborda los grandes temas de los que se ocupa, como la lógica, la metafísica, la epistemología, la estética, la ética, el derecho, la política, la historia, la cultura, el lenguaje y la rel...
Zapisane w:
| 1. autor: | |
|---|---|
| Kolejni autorzy: | , |
| Format: | Książka |
| Język: | hiszpański |
| Wydane: |
Madrid, España :
Trotta : Consejo Superior de Investigaciones Científicas,
2000, c2000
|
| Wydanie: | 2a edición |
| Seria: | (Enciclopedia Iberoamericana de Filosofía ;
11) |
| Hasła przedmiotowe: | |
| Etykiety: |
Nie ma etykietki, Dołącz pierwszą etykiete!
|
MARC
| LEADER | 00000nam^a2200000^a^4500 | ||
|---|---|---|---|
| 001 | 000155333 | ||
| 005 | 20250521000000.0 | ||
| 009 | 20260310100425.51 | ||
| 020 | |a 84-8164-052-2 | ||
| 020 | |a 84-87699-48-0 | ||
| 037 | |a Acervo ITESO - Biblioteca | ||
| 041 | |a ESP | ||
| 082 | |a 103. |b ENC V. 11 | ||
| 100 | |a Garzón Valdés, Ernesto |e (ed.) | ||
| 240 | 1 | 1 | |a [Enciclopedia iberoamericana de filosofía] |
| 245 | 1 | 3 | |a El derecho y la justicia / |c Ed. de E. Garzón Valdés, F.J. Laporta ; dir. de M. Reyes Mate. |
| 250 | |a 2a edición | ||
| 264 | 4 | |a Madrid, España : |b Trotta : |b Consejo Superior de Investigaciones Científicas, |c 2000, c2000 | |
| 300 | |a 554 p. | ||
| 336 | |a texto |b txt |2 rdacontenido | ||
| 337 | |a sin mediación |b n |2 rdamedio | ||
| 338 | |a volumen |b nc |2 rdasoporte | ||
| 440 | 1 | |a (Enciclopedia Iberoamericana de Filosofía ; |v 11) | |
| 520 | |a Obra en treinta y cinco volúmenes (está incompleta en la biblioteca) que recupera la historia de la filosofía y aborda los grandes temas de los que se ocupa, como la lógica, la metafísica, la epistemología, la estética, la ética, el derecho, la política, la historia, la cultura, el lenguaje y la religión. | ||
| 649 | |a XX | ||
| 650 | |a Argumentación - |x Teoría | ||
| 650 | |a Derecho - |x Interpretación | ||
| 650 | |a Derecho - |x Teoría - |x Tema Principal | ||
| 650 | |a Derecho - |x Filosofía - |x Tema Principal | ||
| 650 | |a Filosofía - |x Enciclopedias y Diccionarios | ||
| 700 | |a Reyes Mate, Manuel |e (dirección) | ||
| 700 | |a Laporta, Francisco J. |e (edición) | ||
| 910 | |a Fondo General | ||
| 920 | |a Impresos - Libros | ||
| 930 | |a Colección General | ||
| 905 | |a 101 | ||
| 901 | |a 0500083163 |b IT1 |c ACC |u 20250521 | ||
| 902 | |a https://opac.biblio.iteso.mx/vufind/Record/000155333 | ||